=LDR 00000nam 2200000 4500 =001 INLIS000000000042178 =005 20161109163240.0 =006 =007 =008 Ind =035 ##$$0010-101300000000100 =041 ##$$a Ind =082 ##$$a 378.04 =090 ##$$a 378.04, Wah p.2 =100 ##$$a Wahjoetomo, DR.Dr =245 ##$$a Perguruan Tinggi Pesantren Pendidikan Alternatif Masa Depan, DR.Dr. Wahjoetomo =260 ##$$a 1997 $b Jakarta =300 ##$$a 142 hlm, 21 cm =850 ##$$a NBPNMAT =990 ##$$a 21601979/BPAP-NTB/2017